Текст томруулах:    
The legal environment of business (Бичлэгийн дугаар. 146172)
000 -УДИРДЛАГА
Удирдлага 01082nam a22003377a 4500
003 - ХЯНАЛТЫН ТОО ТОДОРХОЙЛОГЧ
Код MN-UlNUM
005 - БИЧИЛТ ХИЙСЭН ОГНОО
Тухайн бичилтийг бичсэн засварласан сүүлийн огноо 20260113102057.0
008 - ЕРӨНХИЙ МЭДЭЭЛЭЛ
Ерөнхий мэдээлэл 260113s1991 iluab||| |||| 001 0 eng |
020 ## - ISBN
ISBN 0256080232
040 ## - БИЧЛЭГ ҮҮСГЭГЧ БАЙГУУЛЛАГА
Бичлэг үүсгэгч номын сангийн код МУИС-ийн номын сан
084 ## - ББК АНГИЛАЛ
Нэмэлт тусгалт Бусад
ББК ангилал 67.404
Зохиогчийн гурван тэмдэгт B 64
Мэдлэгийн ялгаа 67 - Төр эрх, хууль
100 1# - ЗОХИОГЧ
Зохиогчийн нэр Blackburn, John D.
245 14 - ҮНДСЭН ГАРЧИГ
Номын нэр The legal environment of business
Оролцогчдын тухай мэдээ John D. Blackburn, Elliot I. Klayman, Martin H. Malin.
250 ## - ДАХИН ХЭВЛЭЛТ
Дахин гаралтын дугаар 4th ed.
260 ## - ГАРАЛТЫН МЭДЭЭ
Хэвлэгдсэн газар Homewood, IL :
Хэвлэлийн газар Irwin,
Хэвлэгдсэн он 1991.
300 ## - МАТЕРИАЛЫН ТОДОРХОЙЛОЛТ
хуудасны тоо xviii, 780 p. :
Бусад тоон мэдээлэл ill. ;
Хэмжээ 24 cm.
500 ## - Тайлбар
Дансны дугаар БС 4956
546 ## - ХЭЛНИЙ ТУХАЙ МЭДЭЭ
Хэл Англи хэл дээр,
653 ## - Түлхүүр үг
Түлхүүр үг industrial laws and legislation
653 ## - Түлхүүр үг
Түлхүүр үг trade regulation
653 ## - Түлхүүр үг
Түлхүүр үг united States
700 1# - ХАМ ЗОХИОГЧИД
Ба бус Klayman, Elliot I.
700 1# - ХАМ ЗОХИОГЧИД
Ба бус Malin, Martin H.
740 ## - НОМЫН ГАРЧИГ
Гарчиг Introduction to the American Legal system
740 ## - НОМЫН ГАРЧИГ
Гарчиг Introduction to private law and the regulatory environment
740 ## - НОМЫН ГАРЧИГ
Гарчиг Business organizations and financial markets
740 ## - НОМЫН ГАРЧИГ
Гарчиг Business and its employees
942 ## - ЭЛЕМЕНТИЙН ТӨРӨЛ
Зүйлийн төрөл Ном